[Event "European Youth Chess Championship B18"]
[Site "Prague, Top Hotel Prague"]
[Date "2012.08.17"]
[Round "1.1"]
[White "Anton Guijarro, David"]
[Black "Lewicki, Miroslaw"]
[Result "0-1"]
[WhiteElo "2526"]
[BlackElo "2200"]
[PlyCount "100"]
[EventDate "2012.08.17"]

1. d4 Nf6 2. Nf3 e6 3. e3 c5 4. c4 cxd4 5. exd4 d5 6. Nc3 Be7 7. cxd5 Nxd5 8.
Bd3 Nc6 9. O-O O-O 10. Qe2 Bf6 11. Qe4 g6 12. Bh6 Re8 13. Rad1 b6 14. Rfe1 Bb7
15. Qg4 Ncb4 16. Bb5 Bc6 17. Bxc6 Nxc6 18. Ne5 Rc8 19. Qf3 Nxc3 20. bxc3 Na5
21. g3 Qe7 22. d5 Bxe5 23. Rxe5 Nc4 24. Ree1 e5 25. h4 f5 26. Bg5 Qd6 27. h5 e4
28. Qf4 Ne5 29. Kg2 Rxc3 30. Re3 Rc5 31. hxg6 hxg6 32. Rh1 Nf7 33. Qh4 Nxg5 34.
Qxg5 Rxd5 35. Rh6 Re6 36. Qh4 Qe5 37. Re1 Qf6 38. Qf4 Red6 39. Rc1 g5 40. Rxf6
gxf4 41. Rxd6 f3+ 42. Kf1 Rxd6 43. Ke1 a5 44. Rc7 Rd5 45. a4 Rd4 46. Rb7 Rxa4
47. Rxb6 Ra2 48. g4 fxg4 49. Rg6+ Kf7 50. Rxg4 a4 0-1

[Event "European Youth Chess Championship B18"]
[Site "Prague, Top Hotel Prague"]
[Date "2012.08.17"]
[Round "1.2"]
[White "Braun, Marek"]
[Black "Gabuzyan, Hovhannes"]
[Result "0-1"]
[WhiteElo "2200"]
[BlackElo "2488"]
[PlyCount "76"]
[EventDate "2012.08.17"]

1. d4 Nf6 2. g3 c5 3. d5 g6 4. Bg2 d6 5. Nc3 Bg7 6. Nf3 b5 7. Nxb5 Qa5+ 8. Nc3
Ne4 9. Qd3 Nxc3 10. Bd2 Ba6 11. Bxc3 Bxd3 12. Bxa5 Bxc2 13. Kd2 Be4 14. Nh4
Bxg2 15. Nxg2 Nd7 16. Bc3 O-O 17. Ne3 Rab8 18. Rab1 f5 19. f3 f4 20. Ng2 Bh6
21. Kc2 Nb6 22. Rbd1 Rf5 23. gxf4 Bxf4 24. e4 Rf7 25. h4 Bh6 26. Rhf1 Rbf8 27.
Ne1 Nc4 28. Kb1 Ne3 29. Bd2 Nxd1 30. Bxh6 Rb8 31. Kc1 Nxb2 32. Rg1 Nc4 33. f4
Rb2 34. h5 Rh2 35. hxg6 hxg6 36. Bg5 Rxa2 37. Nc2 Rh7 38. f5 Rh2 0-1

[Event "European Youth Chess Championship B18"]
[Site "Prague, Top Hotel Prague"]
[Date "2012.08.17"]
[Round "1.4"]
[White "Verstraeten, Reinaert"]
[Black "Dragun, Kamil"]
[Result "0-1"]
[WhiteElo "2191"]
[BlackElo "2465"]
[PlyCount "66"]
[EventDate "2012.08.17"]

1. e4 c5 2. Nf3 d6 3. d4 cxd4 4. Nxd4 Nf6 5. Nc3 a6 6. h3 e6 7. g4 b5 8. Bg2
Bb7 9. g5 Nfd7 10. Be3 Be7 11. f4 Qc7 12. Qd2 Nb6 13. b3 N8d7 14. a3 Rc8 15.
Nde2 O-O 16. O-O f5 17. exf5 Bxg2 18. Kxg2 Rxf5 19. Bxb6 Qxb6 20. Rf3 Nf8 21.
Re1 Ng6 22. Kg3 e5 23. Nd5 Qb7 24. h4 e4 25. Nxe7+ Nxe7 26. Rc3 Rd5 27. Qc1
Nf5+ 28. Kh3 Qd7 29. Rxc8+ Qxc8 30. Ng3 Qc3 31. Rg1 Rd2 32. Qe1 Nxg3 33. Qxg3
Qxc2 0-1

[Event "European Youth Chess Championship B18"]
[Site "Prague, Top Hotel Prague"]
[Date "2012.08.17"]
[Round "1.5"]
[White "Moiseenko, Vadim"]
[Black "Seidl, Stepan"]
[Result "1-0"]
[WhiteElo "2454"]
[BlackElo "2187"]
[PlyCount "73"]
[EventDate "2012.08.17"]

1. c4 Nf6 2. Nc3 c5 3. g3 g6 4. Bg2 Bg7 5. Nf3 O-O 6. d4 cxd4 7. Nxd4 Nc6 8.
O-O Nxd4 9. Qxd4 d6 10. Qd2 Qb6 11. b3 Bd7 12. Bb2 a5 13. Rab1 Bc6 14. e4 Nd7
15. Ba1 Nc5 16. h4 Bxc3 17. Qxc3 e5 18. Qe3 f5 19. f4 exf4 20. Rxf4 fxe4 21.
Kh2 Nd7 22. Bd4 Qc7 23. Bxe4 Rxf4 24. gxf4 Re8 25. Bd5+ Kf8 26. Be6 Qd8 27. Kh3
Nc5 28. f5 g5 29. hxg5 Nxe6 30. fxe6 Kg8 31. Rf1 Bd7 32. Qf3 Bxe6+ 33. Kh4 h6
34. Bf6 hxg5+ 35. Bxg5 Qd7 36. Rg1 Kh7 37. Qh5+ 1-0

[Event "European Youth Chess Championship B18"]
[Site "Prague, Top Hotel Prague"]
[Date "2012.08.17"]
[Round "1.6"]
[White "Jovanovic, Bojan P"]
[Black "Sadzikowski, Daniel"]
[Result "1/2-1/2"]
[WhiteElo "2179"]
[BlackElo "2444"]
[PlyCount "137"]
[EventDate "2012.08.17"]

1. d4 Nf6 2. c4 e6 3. Nf3 b6 4. g3 Ba6 5. b3 Bb4+ 6. Bd2 Be7 7. Bg2 c6 8. O-O
d5 9. Qc2 Nbd7 10. Rd1 Rc8 11. Be1 O-O 12. Nbd2 c5 13. a4 Rc7 14. e3 Qb8 15.
Bf1 Bb7 16. Bg2 a5 17. Rac1 Rfc8 18. Qb1 Qa8 19. Ne5 cxd4 20. exd4 Bd6 21. Nxd7
Nxd7 22. cxd5 Bxd5 23. Bxd5 Qxd5 24. Rxc7 Rxc7 25. Nc4 Qc6 26. Ne3 Nf6 27. d5
exd5 28. Qd3 Kf8 29. Nxd5 Qxd5 30. Qxd5 Nxd5 31. Rxd5 Ke7 32. Bd2 Rc2 33. Kf1
Rb2 34. Rd3 Bc5 35. Ke1 Ke6 36. h4 h5 37. Kf1 f6 38. Kg2 Rc2 39. Kf3 g5 40.
hxg5 fxg5 41. Bxg5 Rxf2+ 42. Ke4 Re2+ 43. Be3 Re1 44. Kf3 Rf1+ 45. Ke4 Rb1 46.
Bxc5 bxc5 47. Rc3 Kd6 48. Rd3+ Ke6 49. Rc3 Re1+ 50. Kf4 Kd5 51. Rd3+ Kc6 52.
Kg5 Rh1 53. g4 hxg4 54. Kxg4 Rf1 55. Rc3 Kd5 56. Rd3+ Ke4 57. Rc3 Rg1+ 58. Kh5
Kd4 59. Rc4+ Kd5 60. Rc3 Rg8 61. Kh4 Rb8 62. Kg3 Rb4 63. Kf2 Kd4 64. Rh3 Rb8
65. Ke2 Rg8 66. Rd3+ Ke4 67. Rc3 Rg2+ 68. Kd1 Kd4 69. Rc4+ 1/2-1/2

[Event "European Youth Chess Championship B18"]
[Site "Prague, Top Hotel Prague"]
[Date "2012.08.17"]
[Round "1.7"]
[White "Forcen Esteban, Daniel"]
[Black "Balacek, Tadeas"]
[Result "1-0"]
[WhiteElo "2440"]
[BlackElo "2178"]
[PlyCount "61"]
[EventDate "2012.08.17"]

1. e4 e6 2. d4 d5 3. Nc3 Nf6 4. Bg5 Be7 5. e5 Nfd7 6. h4 h6 7. Be3 c5 8. Qg4 g6
9. dxc5 h5 10. Qg3 Nc6 11. Nf3 Nxc5 12. O-O-O Qa5 13. Ng5 Na4 14. Nxa4 Qxa4 15.
a3 Bd7 16. Bd3 Rg8 17. Kb1 b5 18. Bc1 Qa5 19. Qf4 Bxg5 20. hxg5 b4 21. Bd2 Qc7
22. Bxb4 Qxe5 23. Qxe5 Nxe5 24. Be2 Rc8 25. Rhe1 Nc4 26. Bxc4 Rxc4 27. Rxd5 Bc6
28. Rd6 Bxg2 29. Red1 Bd5 30. b3 Rc6 31. R1xd5 1-0

[Event "European Youth Chess Championship B18"]
[Site "Prague, Top Hotel Prague"]
[Date "2012.08.17"]
[Round "1.8"]
[White "Drnovsek, Gal"]
[Black "Mammadov, Zaur"]
[Result "0-1"]
[WhiteElo "2177"]
[BlackElo "2431"]
[PlyCount "54"]
[EventDate "2012.08.17"]

1. d4 d5 2. c4 e6 3. Nf3 Nf6 4. Nc3 Be7 5. e3 c5 6. Bd3 Nc6 7. O-O cxd4 8. exd4
O-O 9. Bg5 Nb4 10. Be2 dxc4 11. Bxc4 h6 12. Be3 b6 13. Ne5 Bb7 14. Qe2 Rc8 15.
f4 Nfd5 16. Nxd5 Bxd5 17. f5 Bxc4 18. Nxc4 Qd5 19. Ne5 Nc2 20. Rad1 exf5 21.
Rxf5 Qe4 22. Rf3 Bg5 23. Nc4 Rxc4 24. Qxc4 Nxe3 25. Qe2 Rc8 26. Qd3 Qg4 27. Qe2
Nxd1 0-1

[Event "European Youth Chess Championship B18"]
[Site "Prague, Top Hotel Prague"]
[Date "2012.08.17"]
[Round "1.9"]
[White "Pardo Simon, David"]
[Black "Guttulsrud, Odd Martin"]
[Result "1-0"]
[WhiteElo "2430"]
[BlackElo "2172"]
[PlyCount "89"]
[EventDate "2012.08.17"]

1. e4 c5 2. Ne2 Nf6 3. Nbc3 d6 4. g3 g6 5. Bg2 Bg7 6. d4 cxd4 7. Nxd4 O-O 8. h3
Bd7 9. O-O Nc6 10. Nde2 Re8 11. Re1 Rb8 12. a4 Nb4 13. Nd5 Nfxd5 14. exd5 Bf5
15. g4 Bxc2 16. Qd2 a5 17. Ra3 Qd7 18. Nc3 Bd3 19. Na2 Nxa2 20. Rxa2 Bc4 21.
Ra3 b6 22. b4 Qd8 23. b5 e6 24. dxe6 Rxe6 25. Rxe6 fxe6 26. Bb2 d5 27. Bxg7
Kxg7 28. f4 Qd6 29. Rc3 Qc5+ 30. Kh1 Re8 31. Re3 Kf7 32. Re5 Bb3 33. Qb2 Qc2
34. Qa3 Bxa4 35. f5 Qd1+ 36. Kh2 Bb3 37. Qd6 gxf5 38. gxf5 d4 39. Re4 Qd2 40.
fxe6+ Rxe6 41. Rf4+ Kg6 42. Qf8 h5 43. Rf7 h4 44. Qg7+ Kh5 45. Rf5+ 1-0

[Event "European Youth Chess Championship B18"]
[Site "Prague, Top Hotel Prague"]
[Date "2012.08.17"]
[Round "1.10"]
[White "Silva Rodriguez, Julio"]
[Black "Zhou, Yang-Fan"]
[Result "0-1"]
[WhiteElo "2429"]
[BlackElo "2162"]
[PlyCount "86"]
[EventDate "2012.08.17"]

1. e4 c5 2. Nf3 d6 3. d4 cxd4 4. Nxd4 Nf6 5. Nc3 g6 6. Bc4 Bg7 7. O-O O-O 8.
Re1 Nc6 9. Nb3 b6 10. Bf1 Bb7 11. Bg5 Re8 12. Nd5 e6 13. Nc3 h6 14. Bf4 d5 15.
exd5 Nxd5 16. Nxd5 Qxd5 17. Qxd5 exd5 18. c3 d4 19. Nxd4 Nxd4 20. cxd4 Bxd4 21.
Bxh6 Bxb2 22. Rxe8+ Rxe8 23. Rd1 Bc6 24. Be3 Ba4 25. Rb1 Ba3 26. Bc4 Bc2 27.
Re1 Rc8 28. Bb3 Bxb3 29. axb3 Rc3 30. Bd4 Rxb3 31. Re8+ Bf8 32. g3 f5 33. Re6
Rb4 34. Be5 Re4 35. f4 Bc5+ 36. Kf1 Kf7 37. Rf6+ Ke7 38. Rxg6 b5 39. h4 b4 40.
Rc6 Bb6 41. Bb2 Re3 42. h5 Rxg3 43. h6 Rg1+ 0-1

[Event "European Youth Chess Championship B18"]
[Site "Prague, Top Hotel Prague"]
[Date "2012.08.17"]
[Round "1.11"]
[White "Moussard, Jules"]
[Black "Lis, Marek"]
[Result "1-0"]
[WhiteElo "2429"]
[BlackElo "2162"]
[PlyCount "61"]
[EventDate "2012.08.17"]

1. d4 d6 2. Nf3 Nd7 3. e4 e5 4. Bc4 Be7 5. dxe5 Nxe5 6. Nxe5 dxe5 7. Qh5 g6 8.
Qxe5 Nf6 9. Bh6 Rg8 10. f3 Qd6 11. Qxd6 Bxd6 12. Bg5 Be5 13. Nc3 Be6 14. Bxe6
fxe6 15. O-O-O Rg7 16. Nb5 a6 17. Nd4 Kf7 18. g3 Bd6 19. Rd3 e5 20. Nb3 Ke6 21.
Rhd1 Rf7 22. Na5 b5 23. Nb7 Be7 24. Rc3 Nxe4 25. Rc6+ Nd6 26. Nc5+ Kf5 27. Bxe7
Rxe7 28. Nxa6 Nc4 29. b3 Na3 30. Rd2 Ra7 31. Nb4 1-0

[Event "European Youth Chess Championship B18"]
[Site "Prague, Top Hotel Prague"]
[Date "2012.08.17"]
[Round "1.12"]
[White "Nadirashvili, Shalva"]
[Black "Kadric, Denis"]
[Result "0-1"]
[WhiteElo "2151"]
[BlackElo "2418"]
[PlyCount "66"]
[EventDate "2012.08.17"]

1. d4 d6 2. e4 Nf6 3. Nc3 e5 4. dxe5 dxe5 5. Qxd8+ Kxd8 6. Bg5 Nbd7 7. O-O-O c6
8. f4 Ke8 9. Nf3 Be7 10. Bc4 Ng4 11. Bxe7 Kxe7 12. Nxe5 Ndxe5 13. fxe5 Nxe5 14.
Bb3 Bg4 15. Rdf1 f6 16. h3 Bh5 17. Rf4 Rad8 18. g4 g5 19. Rf2 Bg6 20. Rd2 Rxd2
21. Kxd2 h5 22. gxh5 Bxh5 23. a4 Bf3 24. Ra1 Rxh3 25. a5 g4 26. a6 b5 27. Ke3
Rh2 28. Rg1 b4 29. Na4 Re2+ 30. Kf4 Rxe4+ 31. Kg3 f5 32. Nb6 f4+ 33. Kh4 Kf6
0-1

[Event "European Youth Chess Championship B18"]
[Site "Prague, Top Hotel Prague"]
[Date "2012.08.17"]
[Round "1.13"]
[White "Tilicheev, Viacheslav"]
[Black "Pecurica, Milos"]
[Result "1-0"]
[WhiteElo "2416"]
[BlackElo "2132"]
[PlyCount "73"]
[EventDate "2012.08.17"]

1. e4 e5 2. Nf3 Nc6 3. Nc3 Nf6 4. Bb5 Bd6 5. O-O O-O 6. Re1 Re8 7. Bf1 Bc5 8.
Na4 Bf8 9. c4 d6 10. h3 Nd4 11. d3 c6 12. Nc3 h6 13. Nxd4 exd4 14. Ne2 d5 15.
cxd5 cxd5 16. Nxd4 dxe4 17. dxe4 Bb4 18. Re2 Bc5 19. Be3 Rxe4 20. Nb5 Qxd1 21.
Rxd1 Bxe3 22. Nc7 Bg4 23. hxg4 Rc8 24. Nd5 Nxd5 25. Rxd5 Rd4 26. Rxd4 Bxd4 27.
Rd2 Bf6 28. g3 Rc1 29. Kg2 Rb1 30. b3 Rb2 31. Rd7 Rxa2 32. Bc4 b6 33. Rxf7 Kh7
34. Rf8 Kg6 35. Kf1 Bd4 36. Bd3+ Kg5 37. Rf5+ 1-0

[Event "European Youth Chess Championship B18"]
[Site "Prague, Top Hotel Prague"]
[Date "2012.08.17"]
[Round "1.14"]
[White "Papakonstantinou, Dimitrios"]
[Black "Sochacki, Christophe"]
[Result "0-1"]
[WhiteElo "2129"]
[BlackElo "2412"]
[PlyCount "88"]
[EventDate "2012.08.17"]

1. e4 c5 2. Nf3 a6 3. c4 Nc6 4. d4 cxd4 5. Nxd4 e6 6. Nxc6 bxc6 7. Nc3 e5 8.
Be3 Nf6 9. a3 a5 10. Be2 Be7 11. O-O O-O 12. Qd2 a4 13. Rfd1 Qa5 14. Rac1 Bb7
15. c5 Rfd8 16. h3 Bxc5 17. Bxc5 Qxc5 18. Nxa4 Qe7 19. Nc5 d6 20. Nxb7 Qxb7 21.
Qc2 c5 22. Bd3 h5 23. Rd2 h4 24. Rcd1 Rdb8 25. Qc4 Kf8 26. Bb1 Kg8 27. Kh2 Qe7
28. Ba2 Rb6 29. Rb1 Qb7 30. Re2 Rb8 31. Qd3 Qc7 32. Bc4 R8b7 33. Ba6 Ra7 34.
Bc4 Qb8 35. Qf3 d5 36. Ba2 Ra4 37. g3 Rxe4 38. Rxe4 dxe4 39. Qc3 e3 40. Qc4
Rxb2 41. Qxf7+ Kh7 42. Rf1 hxg3+ 43. Kxg3 e4+ 44. Kg2 Qf4 0-1

[Event "European Youth Chess Championship B18"]
[Site "Prague, Top Hotel Prague"]
[Date "2012.08.17"]
[Round "1.15"]
[White "Nikologorskiy, Konstantin"]
[Black "Romanov, Stanislav"]
[Result "1-0"]
[WhiteElo "2400"]
[BlackElo "2115"]
[PlyCount "111"]
[EventDate "2012.08.17"]

1. c4 e5 2. Nc3 Nf6 3. a3 b6 4. e4 Nc6 5. g3 Bc5 6. Bg2 d6 7. b4 Bd4 8. Nge2
O-O 9. d3 Bg4 10. f3 Be6 11. Nxd4 Nxd4 12. O-O a5 13. b5 Nd7 14. f4 exf4 15.
Rxf4 Nc5 16. Be3 Ncb3 17. Ra2 Qg5 18. a4 Qe5 19. Kh1 f5 20. Ra3 g5 21. Rxb3
Nxb3 22. d4 Qg7 23. Rxf5 Bxf5 24. exf5 Rae8 25. Ne4 Rxf5 26. Qxb3 Qg6 27. c5+
d5 28. Bg1 Kg7 29. Nf2 bxc5 30. dxc5 Qf6 31. Nd3 Re2 32. g4 Rf1 33. Qxd5 Ra1
34. h3 Rxg2 35. Qxg2 Qd4 36. Nf2 Qxc5 37. Ne4 Qd4 38. Ng3 Qe5 39. Nf5+ Kf6 40.
Qc6+ Qe6 41. Qf3 Qe1 42. Nd4+ Kg7 43. Ne2 Ra2 44. Ng3 Ra1 45. Nh5+ Kg8 46. Qd5+
Kf8 47. Qf5+ Ke8 48. Qc8+ Kf7 49. Qxc7+ Qe7 50. Qc4+ Kf8 51. Kg2 Qb7+ 52. Kh2
Qb8+ 53. Ng3 Qf4 54. Bc5+ Kg7 55. Qxf4 Ra2+ 56. Qf2 1-0

[Event "European Youth Chess Championship B18"]
[Site "Prague, Top Hotel Prague"]
[Date "2012.08.17"]
[Round "1.16"]
[White "Sosovicka, Juraj"]
[Black "Danilenko, Dmitriy"]
[Result "0-1"]
[WhiteElo "2108"]
[BlackElo "2395"]
[PlyCount "64"]
[EventDate "2012.08.17"]

1. e4 c5 2. Nf3 d6 3. d4 cxd4 4. Nxd4 Nf6 5. Nc3 a6 6. Be2 e6 7. O-O Be7 8. f4
O-O 9. Kh1 Qc7 10. Qe1 b5 11. Bf3 Bb7 12. e5 Ne8 13. Bxb7 Qxb7 14. exd6 Nxd6
15. a3 Bf6 16. Be3 Nc6 17. Nb3 Nc4 18. Rb1 Rfd8 19. Nc5 Qc7 20. N5e4 Be7 21. f5
exf5 22. Rxf5 Qd7 23. Rd5 Qe6 24. Rxd8+ Rxd8 25. Bf4 Rd4 26. Qe2 h6 27. b3 Nxa3
28. Re1 b4 29. Na4 f5 30. Ng3 Qxe2 31. Nxe2 Re4 32. c3 Nc2 0-1

[Event "European Youth Chess Championship B18"]
[Site "Prague, Top Hotel Prague"]
[Date "2012.08.17"]
[Round "1.17"]
[White "Meribanov, Vitaly"]
[Black "Aperia, Jakob"]
[Result "0-1"]
[WhiteElo "2381"]
[BlackElo "2098"]
[PlyCount "81"]
[EventDate "2012.08.17"]

1. e4 c6 2. d4 d5 3. Nd2 dxe4 4. Nxe4 Bf5 5. Ng3 Bg6 6. h4 h6 7. Nf3 Nd7 8. h5
Bh7 9. Bd3 Bxd3 10. Qxd3 e6 11. Bf4 Qa5+ 12. Bd2 Bb4 13. c3 Be7 14. a3 Ngf6 15.
c4 Qc7 16. Qe2 O-O 17. Bc3 c5 18. Rc1 Rac8 19. dxc5 Bxc5 20. Rh4 Rfe8 21. b4
Be7 22. Bd2 a5 23. c5 Nd5 24. Rhc4 axb4 25. axb4 Ra8 26. Kf1 Ra2 27. R4c2 Rea8
28. Qc4 Rxc2 29. Qxc2 Ne5 30. Nd4 Nc6 31. Nb5 Qd7 32. Qc4 Ne5 33. Qe2 Ra2 34.
Rd1 Bg5 35. Nd6 Qa4 36. Nge4 Bxd2 37. Rb1 Be3 38. Qe1 Nd3 39. Nc3 Nxc3 40. Qxc3
Rxf2+ 41. Kg1 0-1

[Event "European Youth Chess Championship B18"]
[Site "Prague, Top Hotel Prague"]
[Date "2012.08.17"]
[Round "1.18"]
[White "Rubes, Jan"]
[Black "Altini, Nicola"]
[Result "1-0"]
[WhiteElo "2097"]
[BlackElo "2379"]
[PlyCount "79"]
[EventDate "2012.08.17"]

1. e4 e5 2. Nf3 Nc6 3. Bb5 Nf6 4. d3 Bc5 5. c3 O-O 6. O-O d6 7. h3 a6 8. Ba4
Ba7 9. Bg5 h6 10. Bh4 g5 11. Bg3 Ne7 12. Re1 Ng6 13. d4 Qe7 14. Nbd2 b5 15. Bb3
c5 16. Nf1 cxd4 17. cxd4 Nf4 18. Ne3 N6h5 19. Bxf4 Nxf4 20. Nd5 Nxd5 21. Bxd5
Rb8 22. dxe5 dxe5 23. Rc1 Bb7 24. Bxb7 Rxb7 25. Rc6 Rc7 26. Rxh6 Rd8 27. Qe2
Kg7 28. Rxa6 f6 29. h4 Rdc8 30. hxg5 fxg5 31. Qxb5 g4 32. Qxe5+ Qxe5 33. Nxe5
g3 34. Rg6+ Kh7 35. Rxg3 Rc1 36. Nd3 Rxe1+ 37. Nxe1 Rc1 38. Kf1 Ra1 39. e5 Rxa2
40. Ra3 1-0

[Event "European Youth Chess Championship B18"]
[Site "Prague, Top Hotel Prague"]
[Date "2012.08.17"]
[Round "1.19"]
[White "Horvath, David"]
[Black "Swijsen, Lars"]
[Result "1/2-1/2"]
[WhiteElo "2376"]
[BlackElo "2097"]
[PlyCount "103"]
[EventDate "2012.08.17"]

1. d4 Nf6 2. c4 g6 3. Nc3 Bg7 4. e4 d6 5. Nge2 O-O 6. Ng3 c5 7. d5 e6 8. Be2
exd5 9. exd5 Re8 10. O-O Qb6 11. Qc2 h5 12. Bg5 Nh7 13. Bf4 Nd7 14. Rae1 Ne5
15. h3 h4 16. Nge4 Bf5 17. f3 Re7 18. Qb3 Qxb3 19. axb3 Bxe4 20. Nxe4 Rd8 21.
Bd2 f5 22. Nc3 a6 23. f4 Nd7 24. Bf3 Bd4+ 25. Kh2 Rde8 26. Re6 Kf7 27. g4 hxg3+
28. Kxg3 Rxe6 29. dxe6+ Kxe6 30. Re1+ Kf7 31. Bd5+ Kf8 32. Rxe8+ Kxe8 33. Bxb7
Nb8 34. Kf3 Nf6 35. Ke2 Kd7 36. Kd3 Kc7 37. Bf3 Nc6 38. Nd1 Bg1 39. Nc3 Bf2 40.
Nd5+ Nxd5 41. Bxd5 Nb4+ 42. Bxb4 cxb4 43. Bf7 Kd7 44. Bxg6 Ke6 45. Ke2 Bh4 46.
Be8 Ke7 47. Bc6 Ke6 48. Ke3 Bg3 49. Kf3 Bh4 50. Ba8 Be1 51. Ke3 Bg3 52. Bb7
1/2-1/2

[Event "European Youth Chess Championship B18"]
[Site "Prague, Top Hotel Prague"]
[Date "2012.08.17"]
[Round "1.20"]
[White "Pastar, Slaven"]
[Black "Kriebel, Tadeas"]
[Result "1/2-1/2"]
[WhiteElo "2093"]
[BlackElo "2376"]
[PlyCount "74"]
[EventDate "2012.08.17"]

1. d4 Nf6 2. c4 g6 3. Nc3 Bg7 4. e4 d6 5. Bd3 Nc6 6. Nge2 O-O 7. O-O e5 8. d5
Ne7 9. h3 Nd7 10. Be3 f5 11. exf5 Nxf5 12. Bxf5 gxf5 13. f4 Qe7 14. Qd2 Re8 15.
Ng3 Nc5 16. b4 exf4 17. Bxf4 Ne4 18. Ngxe4 fxe4 19. Rae1 Bf5 20. Bxd6 e3 21.
Qc1 Qxd6 22. Rxf5 Qxb4 23. Ne2 Re4 24. Rf4 Rae8 25. Ref1 Qd2 26. Rxe4 Rxe4 27.
Qb1 Re8 28. Qf5 Kh8 29. Qd7 Rg8 30. Rf7 Qxa2 31. Nf4 Qb1+ 32. Kh2 Qe4 33. Rf5
Be5 34. g3 Bxf4 35. Rxf4 Qc2+ 36. Kg1 Qc1+ 37. Kg2 Qb2+ {not readable, 77 moves
} 1/2-1/2

[Event "European Youth Chess Championship B18"]
[Site "Prague, Top Hotel Prague"]
[Date "2012.08.17"]
[Round "1.21"]
[White "Handler, Lukas"]
[Black "Mcclement, Andrew"]
[Result "1-0"]
[WhiteElo "2368"]
[BlackElo "2088"]
[PlyCount "153"]
[EventDate "2012.08.17"]

1. d4 Nf6 2. c4 e6 3. Nc3 Bb4 4. Qc2 O-O 5. e4 c5 6. e5 cxd4 7. a3 dxc3 8. axb4
Ng4 9. Qxc3 f6 10. exf6 Nxf6 11. Nf3 Nc6 12. Be3 b6 13. Bd3 Bb7 14. h3 Ne7 15.
Ne5 Bxg2 16. Rg1 Be4 17. Nxd7 Qxd7 18. Bxe4 Rad8 19. Bc2 Nf5 20. Bg5 Kh8 21.
Rd1 Qc7 22. Rxd8 Qxd8 23. Bf4 Nd4 24. Be5 Nc6 25. Bh2 Qd7 26. b5 Nd4 27. Be5
Nf5 28. Ke2 Qf7 29. Bxf5 exf5 30. f3 Qe6 31. Kd1 h6 32. Kc1 Rc8 33. b3 Rf8 34.
Kb2 Qd7 35. Rg2 Rf7 36. Rd2 Qb7 37. Rd6 Ng8 38. h4 Kh7 39. Qd3 Qe7 40. Qd4 g6
41. Qd5 h5 42. f4 Kh6 43. Qc6 Rg7 44. Ka2 Qxh4 45. Bxg7+ Kxg7 46. Rxg6+ Kh7 47.
Qg2 Nf6 48. Rg7+ Kh8 49. Rxa7 Qg4 50. Qa8+ Ng8 51. Qb7 Qg6 52. Qd5 h4 53. Qd4+
Qf6 54. Qxf6+ Nxf6 55. c5 h3 56. Kb2 Nd5 57. c6 Nc7 58. Ra1 Kg7 59. Rh1 Nxb5
60. Rxh3 Kf6 61. Rh7 Ke6 62. c7 Na7 63. b4 Kd6 64. b5 Nc8 65. Kc3 Na7 66. Kc4
Nc8 67. Rg7 Na7 68. Kd3 Nc8 69. Ke3 Na7 70. Kf3 Kc5 71. Rg8 Kxb5 72. Ra8 Nc8
73. Rxc8 Kc6 74. Ke3 Kb7 75. Rf8 Kxc7 76. Rxf5 Kd6 77. Rf6+ 1-0

[Event "European Youth Chess Championship B18"]
[Site "Prague, Top Hotel Prague"]
[Date "2012.08.17"]
[Round "1.22"]
[White "Ronka, Erik"]
[Black "Savitskiy, Sergey"]
[Result "1/2-1/2"]
[WhiteElo "2086"]
[BlackElo "2368"]
[PlyCount "84"]
[EventDate "2012.08.17"]

1. d4 Nf6 2. c4 g6 3. Nc3 Bg7 4. e4 d6 5. Nf3 O-O 6. Be2 c5 7. d5 e6 8. O-O
exd5 9. exd5 Bg4 10. Bg5 h6 11. Be3 Re8 12. h3 Bxf3 13. Bxf3 a6 14. Qd2 Kh7 15.
Rab1 Nfd7 16. Be2 Ne5 17. b4 b6 18. Kh1 f5 19. bxc5 dxc5 20. d6 Ra7 21. Nd5
Qxd6 22. Rxb6 Nbc6 23. Rfb1 Nd7 24. Rb7 Rb8 25. Bf4 Raxb7 26. Rxb7 Nde5 27. Qb2
Rxb7 28. Qxb7 Nd4 29. Bf1 g5 30. Be3 f4 31. Bd2 f3 32. Qc7 Qg6 33. Qb6 Qc2 34.
Nf6+ Bxf6 35. Qxf6 Ndc6 36. Be3 Qb1 37. Kg1 fxg2 38. Kxg2 Qe4+ 39. Kg3 Qh4+ 40.
Kg2 Qe4+ 41. Kg3 Qh4+ 42. Kg2 Qe4+ 1/2-1/2

[Event "European Youth Chess Championship B18"]
[Site "Prague, Top Hotel Prague"]
[Date "2012.08.17"]
[Round "1.23"]
[White "Straka, Jozef"]
[Black "Pospisil, Martin"]
[Result "1-0"]
[WhiteElo "2360"]
[BlackElo "2084"]
[PlyCount "89"]
[EventDate "2012.08.17"]

1. Nf3 c5 2. c4 Nc6 3. Nc3 g6 4. e3 Nf6 5. d4 cxd4 6. exd4 d5 7. Bg5 dxc4 8.
Bxc4 Bg7 9. d5 Nb8 10. O-O O-O 11. Re1 Nbd7 12. Qe2 Nb6 13. Bb3 h6 14. Bh4 g5
15. Bg3 Nbxd5 16. Nxd5 Nxd5 17. Rad1 e6 18. Be5 b6 19. Bxg7 Kxg7 20. h4 Bb7 21.
Qe4 Qf6 22. Rd4 Rh8 23. Qg4 h5 24. Qxg5+ Qxg5 25. Nxg5 Rhe8 26. f4 Rad8 27.
Red1 Kf6 28. f5 Ke7 29. Re1 Rd6 30. fxe6 fxe6 31. Rde4 Nc7 32. Nxe6 Bxe4 33.
Nxc7 Rf8 34. Rxe4+ Kd7 35. Nd5 b5 36. Re7+ Kc8 37. Rxa7 Kb8 38. Re7 Rf5 39. Ne3
Rf4 40. Re5 Rd3 41. Rxb5+ Kc8 42. Be6+ Kd8 43. Nd5 Rd1+ 44. Kh2 Rxh4+ 45. Kg3
1-0

[Event "European Youth Chess Championship B18"]
[Site "Prague, Top Hotel Prague"]
[Date "2012.08.17"]
[Round "1.24"]
[White "Lhotka, Jiri"]
[Black "Shahinyan, David"]
[Result "0-1"]
[WhiteElo "2082"]
[BlackElo "2351"]
[PlyCount "70"]
[EventDate "2012.08.17"]

1. e4 e6 2. d4 d5 3. Nc3 Nf6 4. Bg5 Bb4 5. e5 h6 6. Bd2 Bxc3 7. bxc3 Ne4 8. Qg4
g6 9. Bd3 Nxd2 10. Kxd2 c5 11. Nf3 Nc6 12. Qf4 Qa5 13. Rhb1 cxd4 14. Nxd4 Nxd4
15. Qxd4 Qc7 16. Rb3 Bd7 17. Rab1 b6 18. f4 Qd8 19. g3 Rc8 20. h4 h5 21. a4 Rc5
22. Ra1 Ra5 23. Qb4 Qc7 24. Raa3 Rc5 25. a5 b5 26. a6 O-O 27. Qa5 Qc6 28. Ra1
d4 29. cxd4 Qg2+ 30. Be2 Rc4 31. Rd3 Rfc8 32. Ra2 Bc6 33. d5 Bxd5 34. c3 Re4
35. Ke1 Bxa2 0-1

[Event "European Youth Chess Championship B18"]
[Site "Prague, Top Hotel Prague"]
[Date "2012.08.17"]
[Round "1.25"]
[White "Meskovs, Nikita"]
[Black "Olson, Hamish"]
[Result "1-0"]
[WhiteElo "2347"]
[BlackElo "2055"]
[PlyCount "63"]
[EventDate "2012.08.17"]

1. d4 Nf6 2. c4 g6 3. Nc3 Bg7 4. e4 O-O 5. Nf3 d6 6. h3 Na6 7. Bg5 Re8 8. g4 c5
9. Bg2 cxd4 10. Nxd4 Nc5 11. Be3 Ne6 12. Nb3 Bd7 13. f4 Bc6 14. O-O Nd7 15. Qc2
Ndc5 16. f5 Nxb3 17. axb3 Nc7 18. Rxa7 Rxa7 19. Bxa7 b5 20. Qf2 b4 21. Na2 Na6
22. Bd4 Bxd4 23. Qxd4 f6 24. Qa7 Qd7 25. Qxa6 Ra8 26. Qb6 Rxa2 27. Rf2 Qa7 28.
Qxc6 Rxb2 29. c5 Rxf2 30. Qd5+ Kg7 31. Kxf2 Qa2+ 32. Kg3 1-0

[Event "European Youth Chess Championship B18"]
[Site "Prague, Top Hotel Prague"]
[Date "2012.08.17"]
[Round "1.28"]
[White "Pavel, Sebastian-Ionut"]
[Black "Doros, Radu-Marian"]
[Result "0-1"]
[WhiteElo "2045"]
[BlackElo "2338"]
[PlyCount "52"]
[EventDate "2012.08.17"]

1. e4 c5 2. Nf3 d6 3. d4 cxd4 4. Nxd4 Nf6 5. Nc3 a6 6. Be3 e5 7. Nb3 Be6 8. f3
h5 9. Qd2 Nbd7 10. O-O-O Qc7 11. Nd5 Bxd5 12. exd5 Be7 13. Kb1 Nb6 14. Bxb6
Qxb6 15. Be2 Rc8 16. g3 O-O 17. h4 Rfe8 18. Rhf1 g6 19. g4 Bf8 20. Bd3 e4 21.
Bxe4 hxg4 22. Bf5 gxf5 23. Qg5+ Bg7 24. h5 Qe3 25. f4 Nh7 26. Qxf5 Qe4 0-1

[Event "European Youth Chess Championship B18"]
[Site "Prague, Top Hotel Prague"]
[Date "2012.08.17"]
[Round "1.29"]
[White "Godart, Francois"]
[Black "Bizovi, Mihai"]
[Result "1/2-1/2"]
[WhiteElo "2337"]
[BlackElo "2044"]
[PlyCount "38"]
[EventDate "2012.08.17"]

1. d4 g6 2. c4 Bg7 3. Nc3 Nf6 4. g3 O-O 5. Bg2 d6 6. Nf3 Nbd7 7. O-O e5 8. h3
exd4 9. Nxd4 Re8 10. e4 a6 11. Be3 Rb8 12. Rc1 Ne5 13. b3 c5 14. Nc2 b5 15. f4
Ned7 16. Qxd6 b4 17. e5 bxc3 18. exf6 Bf8 19. Qd3 Qxf6 {not readable, 107 moves
} 1/2-1/2